Investičná reprodukcia technickej základne semináre

Guardado en:
Detalles Bibliográficos
Autor principal: Moravčík, Alexander
Autor Corporativo: Ekonomická univerzita v Bratislave. Národohospodárska fakulta
Formato: Libro
Lenguaje:eslovaco
Publicado: Bratislava Ekonóm 2003
Materias:
Etiquetas: Agregar Etiqueta
Sin Etiquetas, Sea el primero en etiquetar este registro!

MARC

LEADER 00000nam a2200000 4500
001 c142004
005 20250703093244.7
020 |a 80-225-1636-8 
041 0 |a slo 
044 |a SK 
245 1 0 |a Investičná reprodukcia technickej základne  |b semináre  |c Alexander Moravčík 
264 1 |a Bratislava  |b Ekonóm  |c 2003 
300 |a 137 s. 
610 2 0 |a reprodukcia 
610 2 0 |a základňa technická 
610 2 0 |a investovanie 
610 2 0 |a globalizácia 
610 2 0 |a konkurencieschopnosť 
610 2 0 |a výkonnosť ekonomiky 
610 2 0 |a odpisy 
610 2 0 |a oceňovanie 
610 2 0 |a majetok 
610 2 0 |a životnosť strojov 
610 2 0 |a riziko 
610 2 0 |a rozhodovanie investičné 
100 1 |a Moravčík, Alexander 
710 2 |a Ekonomická univerzita v Bratislave. Národohospodárska fakulta